000 01192cam a22003013a 4500
001 1263
005 20230815130804.0
008 020402s2002 nyu j 000 1 eng d
020 _a0439221714
040 _aNTG
_cNTG
_dDLC
_beng
050 0 0 _aPZ7.R54425
082 _aFic
100 1 _aRoberts, Rachel
245 1 4 _aThe secret of the unicorn /
_cby Rachel Roberts.
260 _aNew York :
_bRed Sky Pub. ;
_bScholastic,
_c2002.
300 _a187 pages :
_c20 cm
_bIllustrations
490 0 _aAvalon, web of magic ;
_vBook 4
505 _aP
520 _aSomething has happened in the heart of Aldenmor. The Fairy Glen has vanished! New animal refugees are arriving in Ravenswood, including a mysterious and wild unicorn. The creature is frightened, confused, and wounded. Emily must face her greatest challenge to try and save the unicorn and learn its incredible secret.
521 _a650
_bLexile
521 _aP
_bRaz-Plus
650 0 _aMagic
_vJuvenile fiction.
650 0 _aFriends
_vJuvenile fiction.
655 7 _aChildren's stories.
_2lcsh
655 7 _aFantasy fiction.
_2gsafd
906 _a7
_bcbc
_ccopycat
_d2
_encip
_f20
_gy-genrareb
942 _2ddc
_cBK
_n0
999 _c1263
_d1263